000 00428nam a22001817a 4500
003 Ost
005 20220901211740.0
008 220901b |||||||| |||| 00| 0 eng d
020 _aNA
040 _cBT-PhCST
050 _a4494
082 _222
_a537
100 _aSadiku, Matthew N. O.
245 _aElements of electromagnetics /
260 _bOxford University Press,
_cc2005.
300 _a0
_bill. ;
942 _2ddc
_cPHY
_03
999 _c2934
_d2934